000 00454nam a2200193Ia 4500
005 20250425162306.0
008 250425s9999 xx 000 0 und d
041 _aspa
082 _a378.194
110 _aUNIVERSIDAD DE LA REPUBLICA
245 0 _aGUIA PARA ESTUDIANTES DE INGENIERIA
250 _a1A ED.
260 _aMONTEVIDEO
260 _aUruguay
_bEDINOR
_c1950
300 _a91
650 _aGUIA-ESPOL
942 _c01
010 _a59922
999 _c226208
_d226208